Statistics for Oscar Best Original Screenplay

Click here to take the quiz!

General Stats

  • This quiz has been taken 152 times
    (126 since last reset)
  • The average score is 27 of 108

Answer Stats

YearMovieAnswer% Correct
1994Pulp FictionQuentin Tarantino
94%
2012Django UnchainedQuentin Tarantino
94%
2011Midnight In ParisWoody Allen
93%
1986Hannah and Her SistersWoody Allen
93%
1977Annie HallWoody Allen
93%
1997Good Will HuntingMatt Damon
78%
Ethan Coen
77%
1996FargoJoel Coen
77%
Ben Affleck
75%
1970PattonFrancis Ford Coppola
73%
2003Lost In TranslationSofia Coppola
73%
Armando Bo
63%
2013HerSpike Jonze
58%
1941Citizen KaneOrson Welles
57%
2014BirdmanAlejandro Gonzalez Inarritu
55%
Billy Wilder
53%
Billy Wilder
53%
2000Almost FamousCameron Crowe
51%
2007JunoDiablo Cody
47%
2004Eternal Sunshine Of The Spotless MindCharlie Kaufman
46%
2002Talk To Her (Hable Con Ella)Pedro Almodovar
46%
1993The PianoJane Campion
42%
1968The ProducersMel Brooks
42%
2005CrashPaul Haggis
37%
1980Melvin and HowardBo Goldman
36%
1969Butch Cassidy and the Sundance KidWilliam Goldman
36%
1974ChinatownRobert Towne
35%
1999American BeautyAlan Ball
34%
Michel Gondry
34%
1971The HospitalPaddy Chayefsky
34%
1976NetworkPaddy Chayefsky
34%
2008MilkDustin Lance Black
33%
Roger Avary
31%
Harold Jacob Smith
30%
1992The Crying GameNeil Jordan
30%
1961Splendor In The GrassWilliam Inge
30%
1995The Usual SuspectsChristopher McQuarrie
29%
2001Gosford ParkJulian Fellowes
29%
Herman J. Mankiewicz
28%
1978Coming HomeRobert C. Jones
28%
Tom Stoppard
25%
1960The ApartmentI. A. L. Diamond
24%
2009The Hurt LockerMark Boal
24%
1991Thelma and LouiseCallie Khouri
23%
1966A Man and a WomanClaude Lelouch
19%
1987MoonstruckJohn Patrick Shanley
19%
1984Places In The HeartRobert Benton
19%
2006Little Miss SunshineMichael Arndt
17%
1973The StingDavid S. Ward
16%
Marshall Brickman
16%
1964Father GoosePeter Stone
14%
1940The Great McGintyPreston Sturges
14%
1983Tender MerciesHorton Foote
13%
1975Dog Day AfternoonFrank Pierson
12%
1998Shakespeare In LoveMarc Norman
12%
1989Dead Poets SocietyTom Schulman
12%
1990GhostBruce Joel Rubin
11%
1950Sunset BoulevardCahrles Brackett
11%
1953TitanicCharles Brackett
11%
Pierre Bismuth
11%
Bobby Moresco
10%
1954On The WaterfrontBudd Schulberg
10%
2010The King's SpeechDavid Seidler
10%
Nicolas Giacobone
10%
Waldo Salt
10%
1957Designing WomanGeorge Wells
8%
1982GandhiJohn Briley
8%
Nancy Dowd
8%
Pietro Germi
8%
Ronald Bass
8%
Stanley Shapiro
8%
1967Guess Who's Coming To DinnerWilliam Rose
8%
1956The Red BalloonAlbert Lamorisse
7%
1988Rain ManBarry Morrow
7%
1981Chariots of FireColin Welland
7%
Earl Wallace
7%
Maurice Richlin
7%
Pamela Wallace
7%
Russel Rouse
7%
1979Breaking AwaySteve Tesich
7%
Alexander Dinelaris
6%
1959Pillow TalkClarence Greene
6%
1965DarlingFrederic Raphael
5%
1972The CandidateJeremy Larner
5%
1958The Defiant OnesNathan E. Douglas
5%
1954The Lavender Hill MobT. E. B. Clarke
5%
1985WitnessWilliam Kelley
5%
1951An American In ParisAlan Jay Lerner
4%
Alfredo Gianetti
4%
Edmund H. North
4%
Frank Tarloff
4%
1963How the West Was WonJames Webb
4%
1944WilsonLamar Trotti
4%
1942Woman of the YearMichael Kannin
4%
1946The Seventh VeilMuriel Box
4%
1943Princess O'RourkeNorman Krasna
4%
Ring Lardner Jr.
4%
1949BattlegroundRobert Pirosh
4%
1955Interrupted MelodySonya Levien
4%
Sydney Box
4%
Walter Reisch
4%
D. M. Marshman Jr.
2%
1962Divorce, Italian StyleEnnio De Concini
2%
Richard Breen
2%
1945Marie-LouiseRichard Schweizer
2%
1947The Bachelor and the Bobby-SoxerSidney Sheldon
2%
William Ludwig
2%
Pierre Uytterhoeven
1%

Score Distribution

Percentile by Number Answered

Percent of People with Each Score

Your Score History

You have not taken this quiz since the last reset